LEADER 02270nam 2200433Ia 450 001 996387983003316 005 20200824132459.0 035 $a(CKB)4940000000085947 035 $a(EEBO)2240875238 035 $a(OCoLC)ocm43663200e 035 $a(OCoLC)43663200 035 $a(EXLCZ)994940000000085947 100 $a20000319d1667 uy 0 101 0 $aeng 135 $aurbn||||a|bb| 200 14$aThe godly mans ark, or, City of refuge, in the day of his distresse$b[electronic resource] $eDiscovered in divers sermons: the first of which was preached at the funeral of Mistresse Elizabeth Moore. The other four were afterwards preached, and are all of them now made publick, for the supportation and consolation of the saints of God, in the hour of tribulation. Hereunto are annexed Mris. [sic] Moores evidences for heaven, composed and collected by her in the time of her health, for her comfort in the time of sickness. /$fBy Ed. Calamy, B.D. late Pastor of the Church at Aldermanbury 205 $aThe Fifth Edition corrected and amended. 210 $aLondon, $cPrinted for John Hancock (Brother to Eliz. Moore) to be sold at his shop in Broadstreet, against the Church. And for Thomas Parkhurst at the Golden Bible on London-Bridge$d1667 215 $a[34], 220, [7] p 300 $aNumerous errors in paging. 300 $aAdvertisement: [7] p. at end. 300 $a"Mris. Elizabeth Moores evidences for Heaven Collected by herself in the time of her health, in such manner and method, as they are here presented to publick view" -- p. 203-220. 300 $aImperfect: stained, broken type, and print show-through. 300 $aReproduction of original in: Dulwich College Archive. 330 $aeebo-0041 606 $aChristian life$vSermons$vEarly works to 1800 606 $aSermons, English$y17th century 606 $aFuneral sermons 615 0$aChristian life 615 0$aSermons, English 615 0$aFuneral sermons. 700 $aCalamy$b Edmund$f1600-1666.$01002065 701 2$aMoore$b Elizabeth$fd. 1656?$01007792 801 0$bEAE 801 1$bEAE 906 $aBOOK 912 $a996387983003316 996 $aThe godly mans ark, or, City of refuge, in the day of his distresse$92322565 997 $aUNISA LEADER 05644nam 2201201 a 450 001 9910778475303321 005 20230207230620.0 010 $a1-282-35709-3 010 $a9786612357091 010 $a0-520-92994-2 024 7 $a10.1525/9780520929944 035 $a(CKB)1000000000799909 035 $a(EBL)470979 035 $a(OCoLC)384525446 035 $a(SSID)ssj0000308538 035 $a(PQKBManifestationID)11259944 035 $a(PQKBTitleCode)TC0000308538 035 $a(PQKBWorkID)10258277 035 $a(PQKB)11124961 035 $a(MiAaPQ)EBC470979 035 $a(DE-B1597)520240 035 $a(OCoLC)831625526 035 $a(DE-B1597)9780520929944 035 $a(Au-PeEL)EBL470979 035 $a(CaPaEBR)ebr10676198 035 $a(CaONFJC)MIL235709 035 $a(EXLCZ)991000000000799909 100 $a20070504d2007 uy 0 101 0 $aeng 135 $aurcn||||||||| 181 $ctxt 182 $cc 183 $acr 200 14$aThe road to 9/11$b[electronic resource] $ewealth, empire, and the future of America /$fPeter Dale Scott 210 $aBerkeley $cUniversity of California Press$dc2007 215 $a1 online resource (445 p.) 300 $aFirst paperback printing 2008. 311 $a0-520-25871-1 311 $a0-520-23773-0 320 $aIncludes bibliographical references (p. 391-403) and index. 327 $tFront matter --$tContents --$tAcknowledgments --$tPreface. The America We Knew and Loved: Can It Be Saved? --$t1. Introduction: Wealth, Empire, Cabals, and the Public State --$t2. Nixon, Kissinger, and the Decline of the Public State --$t3. The Pivotal Presidency: Ford, Rumsfeld, and Cheney --$t4. Brzezinski, Oil, and Afghanistan --$t5. Carter's Surrender to the Rockefellers on Iran --$t6. Casey, the Republican Counter surprise, and the Bank of Credit and Commerce International, 1980 --$t7. Afghanistan and the Origins of al Qaeda --$t8. The Al-Kifah Center, al Qaeda, and the U.S. Government, 1988-98 --$t9. The Pre-9/11 Cover-up of Ali Mohamed and al Qaeda --$t10. Al Qaeda and the U.S. Establishment --$t11. Parallel Structures and Plans for Continuity of Government --$t12. The 9/11 Commission Report and Vice President Cheney --$t13. The 9/11 Commission Report's and Cheney's Deceptions about 9/11 --$t14. Cheney, the Federal Emergency Management Agency, and Continuity of Government --$t15. Conclusion: 9/11 and the Future of America --$tGlossary of Open Politics --$tNotes --$tBibliography --$tIndex 330 $aThis is an ambitious, meticulous examination of how U.S. foreign policy since the 1960's has led to partial or total cover-ups of past domestic criminal acts, including, perhaps, the catastrophe of 9/11. Peter Dale Scott, whose previous books have investigated CIA involvement in southeast Asia, the drug wars, and the Kennedy assassination, here probes how the policies of presidents since Nixon have augmented the tangled bases for the 2001 terrorist attack. Scott shows how America's expansion into the world since World War II has led to momentous secret decision making at high levels. He demonstrates how these decisions by small cliques are responsive to the agendas of private wealth at the expense of the public, of the democratic state, and of civil society. He shows how, in implementing these agendas, U.S. intelligence agencies have become involved with terrorist groups they once backed and helped create, including al Qaeda. 517 3 $aRoad to nine eleven 606 $aTransparency in government$zUnited States 606 $aPrivacy, Right of$zUnited States 606 $aWar on Terrorism, 2001-2009$xPolitical aspects 606 $aSeptember 11 Terrorist Attacks, 2001$xPolitical aspects 606 $aDemocracy$zUnited States 606 $aElite (Social sciences)$zUnited States 606 $aNational security$zUnited States 606 $aPolitical corruption$zUnited States$xHistory$y20th century 607 $aUnited States$xPolitics and government$y1945-1989 607 $aUnited States$xPolitics and government$y1989- 610 $a9/11. 610 $aal qaeda. 610 $aamerican history. 610 $aassassination. 610 $acia. 610 $acrime. 610 $acriminal. 610 $acultural studies. 610 $ademocracy. 610 $ademocratic state. 610 $adisaster. 610 $adomestic. 610 $adrug war. 610 $aforeign policy. 610 $akennedy. 610 $anixon. 610 $apolitical. 610 $apolitics. 610 $apresidents. 610 $apunishment. 610 $asocial history. 610 $asocial studies. 610 $asoutheast asia. 610 $aterrorism. 610 $aterrorist. 610 $aunited states foreign policy. 610 $aunited states history. 610 $aunited states presidents. 610 $aus history. 610 $awar on drugs. 610 $awartime. 610 $aworld war 2. 610 $awwii. 615 0$aTransparency in government 615 0$aPrivacy, Right of 615 0$aWar on Terrorism, 2001-2009$xPolitical aspects. 615 0$aSeptember 11 Terrorist Attacks, 2001$xPolitical aspects. 615 0$aDemocracy 615 0$aElite (Social sciences) 615 0$aNational security 615 0$aPolitical corruption$xHistory 676 $a973.931 700 $aScott$b Peter Dale$01100173 801 0$bMiAaPQ 801 1$bMiAaPQ 801 2$bMiAaPQ 906 $aBOOK 912 $a9910778475303321 996 $aThe road to 9$93804231 997 $aUNINA